000 00276nam a22001217a 4500
008 180904b xxu||||| |||| 00| 0 eng d
041 _aeng
080 _24 Ed
_a617
100 _a6
101 _aANE
245 _aPhysics Applied To Anaesthesia
_cHill.D.W
942 _2udc
_cBK
999 _c47525
_d47525